Arrogância fatal (Record no. 1973)

MARC details
000 -Etiqueta do registo
Valores 00800nam a2200265 4500
010 ## - Número ISBN
ISBN 9789897028915
021 ## - Número do Depósito Legal
Código do país Portugal
Número 506620/22
100 ## - Dados gerais de processamento
Dados gerais 20251118d2022 m||y0pory50030103ba
101 ## - Língua de publicação
Língua Português
102 ## - País de publicação
País Portugal
200 ## - Titulo e menção de responsabilidade
Título próprio Arrogância fatal
Informação de outro título os erros do socialismo
Primeira menção de responsabilidade Friedrich A. Hayek
Outras menções de responsabilidade trad. João Carlos Barradas
205 ## - Menção da edição
Edição 1ª edição
210 ## - Publicação
Local de publicação Lisboa
Nome do editor Guerra & Paz
Data de publicação 2022
215 ## - Descrição física 
Paginação / Volumes 246 p.
Dimensões 23 cm
225 ## - Colecção 
Título próprio da colecção Os livros não se rendem
300 ## - Notas gerais 
Texto da nota BMB-Registado
304 ## - Nota relativa ao título
Texto de nota Tít. orig.: The fatal conceit : the errors of socialism
607 ## - Nome geográfico usado como assunto
ID Autoridade 1903
Palavra de ordem Teoria e filosofia do poder
675 ## - CDU
Notação 321.01
Edição BMB
Língua por
700 ## - Autor principal (pessoa individual)
Apelido Hayek
Nome F. A.
Datas 1899-1992
ID Autoridade 2835
702 ## - Autor secundário (pessoa individual)
Apelido Barradas
Nome João Carlos
Função Tradutor
ID Autoridade 2836
801 ## - Fonte de origem
País PT
Agência BMB
Regras de catalogação RPC
990 ## - Elementos KOHA
Tipo de documento Livro
Holdings
Situação do levantamento Estado Número Biblioteca de origem Código de barras Cota Permissão de empréstimo Tipo de documento Forma de aquisição
    1 Biblioteca Municipal de Borba 1922 321.01 HAY / ARR   Livro Oferta
Biblioteca Municipal de Borba

Powered by Koha